Socioeconomics of aquaculture : Proceedings of international sympsium 93

The objecttives of this symposium were to provide a forum to present research result in socioeconomics of aquaculture and to exchange information and ideas of socioeconomics research in aquaculture, to identify socioeconomic constraints of aquaculture development,...

שמור ב:
מידע ביבליוגרפי
פורמט: ספר
שפה:Undetermined
יצא לאור: Hawaii Published by Tungkang Marine Laboratory 1994
נושאים:
תגים: הוספת תג
אין תגיות, היה/י הראשונ/ה לתייג את הרשומה!
Thư viện lưu trữ: Trung tâm Học liệu Trường Đại học Cần Thơ
LEADER 00858nam a2200205Ia 4500
001 CTU_149901
008 210402s9999 xx 000 0 und d
082 |a 338.17 
082 |b S678/No.4 
245 0 |a Socioeconomics of aquaculture : 
245 0 |b Proceedings of international sympsium 93 
245 0 |c Edited by Yung C. Shang...[et al.] 
260 |a Hawaii 
260 |b Published by Tungkang Marine Laboratory 
260 |c 1994 
520 |a The objecttives of this symposium were to provide a forum to present research result in socioeconomics of aquaculture and to exchange information and ideas of socioeconomics research in aquaculture, to identify socioeconomic constraints of aquaculture development,... 
650 |a Fish culture 
650 |x Economic aspects 
904 |i Năm 
980 |a Trung tâm Học liệu Trường Đại học Cần Thơ